000 00492cam a2200145 4500500
005 20250921004704.0
041 _afre
042 _adc
100 1 0 _aFerrari, Jérôme
_eauthor
245 0 0 _a« Ici commence mon désespoir d’écrivain »
260 _c2016.
500 _a95
786 0 _nLa Nouvelle Revue française | 616 | 1 | 2016-01-14 | p. 67-73 | 0029-4802
856 4 1 _uhttps://shs.cairn.info/revue-la-nouvelle-revue-francaise-2016-1-page-67?lang=fr&redirect-ssocas=7080
999 _c1508166
_d1508166